Claro : Interactive Systems (Record no. 9989)
[ view plain ]
| 000 -LEADER | |
|---|---|
| fixed length control field | 00391nam a22001217a 4500 |
| 003 - CONTROL NUMBER IDENTIFIER | |
| control field | OSt |
| 008 - FIXED-LENGTH DATA ELEMENTS--GENERAL INFORMATION | |
| fixed length control field | 201218b ||||| |||| 00| 0 eng d |
| 245 ## - TITLE STATEMENT | |
| Title | Claro : Interactive Systems |
| 250 ## - EDITION STATEMENT | |
| Edition statement | 2015(Jan-Mar Vol.2015, Apr-Jun Vol.2015, Jul-Sep Vol.2015, Oct-Dec Vol.2015) |
| 260 ## - PUBLICATION, DISTRIBUTION, ETC. (IMPRINT) | |
| Place of publication, distribution, etc | Ahmedabad |
| Name of publisher, distributor, etc | Claro Publications Private Limited |
| 650 ## - SUBJECT ADDED ENTRY--TOPICAL TERM | |
| Topical term or geographic name as entry element | Computer Science Engineering |
| 942 ## - ADDED ENTRY ELEMENTS (KOHA) | |
| Source of classification or shelving scheme | Dewey Decimal Classification |
| Koha item type | BOUND VOLUME |
| Withdrawn status | Lost status | Source of classification or shelving scheme | Materials specified (bound volume or other part) | Damaged status | Not for loan | Collection code | Home library | Current library | Date acquired | Source of acquisition | Serial Enumeration / chronologySerial Enumeration / Volume No. | Total Checkouts | Acc. no. / Barcode | Date last seen | Bill Date | Koha item type |
|---|---|---|---|---|---|---|---|---|---|---|---|---|---|---|---|---|
| Dewey Decimal Classification | Bound Volume | Not For Loan | B.Tech(CSE) | PIET C-LIBRARY | PIET C-LIBRARY | 18/12/2020 | Claro Publications Private Limited | 2015(Jan-Mar Vol.2015, Apr-Jun Vol.2015, Jul-Sep Vol.2015, Oct-Dec Vol.2015) | BV727 | 18/12/2020 | 09/01/2015 | BOUND VOLUME |